Cellulosic energy cropping systems / (Record no. 355583)
[ view plain ]
| 000 -LEADER | |
|---|---|
| fixed length control field | 01127cam a2200313 a 4500 |
| 001 - CONTROL NUMBER | |
| control field | 17885963 |
| 003 - CONTROL NUMBER IDENTIFIER | |
| control field | Nust- CAS-E |
| 005 - DATE AND TIME OF LATEST TRANSACTION | |
| control field | 20180118181406.0 |
| 008 - FIXED-LENGTH DATA ELEMENTS--GENERAL INFORMATION | |
| fixed length control field | 130913s2014 enkab 001 0 eng |
| 010 ## - LIBRARY OF CONGRESS CONTROL NUMBER | |
| LC control number | 2013037386 |
| 020 ## - INTERNATIONAL STANDARD BOOK NUMBER | |
| International Standard Book Number | 9781119991946 (cloth) |
| 040 ## - CATALOGING SOURCE | |
| Original cataloging agency | DLC |
| Transcribing agency | DLC |
| Modifying agency | DLC |
| 042 ## - AUTHENTICATION CODE | |
| Authentication code | pcc |
| 050 00 - LIBRARY OF CONGRESS CALL NUMBER | |
| Classification number | SB288 |
| Item number | .K37 2014 |
| 082 00 - DEWEY DECIMAL CLASSIFICATION NUMBER | |
| Classification number | 333.95 |
| Edition number | 23 |
| Author Mark | KAR-C 2014 |
| 100 1# - MAIN ENTRY--PERSONAL NAME | |
| Personal name | Karlen, D. L. |
| Fuller form of name | (Douglas L.) |
| 245 10 - TITLE STATEMENT | |
| Title | Cellulosic energy cropping systems / |
| Statement of responsibility, etc. | editor, Douglas L. Karlen. |
| 300 ## - PHYSICAL DESCRIPTION | |
| Extent | xxv, 372 p. : |
| Other physical details | ill., maps ; |
| Dimensions | 26 cm. |
| 500 ## - GENERAL NOTE | |
| General note | Includes index. |
| 502 ## - DISSERTATION NOTE | |
| Dissertation note | 0 |
| 650 #0 - SUBJECT ADDED ENTRY--TOPICAL TERM | |
| Topical term or geographic name entry element | Energy crops. |
| 650 #0 - SUBJECT ADDED ENTRY--TOPICAL TERM | |
| Topical term or geographic name entry element | Biomass energy. |
| 650 #0 - SUBJECT ADDED ENTRY--TOPICAL TERM | |
| Topical term or geographic name entry element | Cellulose |
| General subdivision | Biotechnology. |
| 650 #0 - SUBJECT ADDED ENTRY--TOPICAL TERM | |
| Topical term or geographic name entry element | Cellulose |
| General subdivision | Chemistry. |
| 776 08 - ADDITIONAL PHYSICAL FORM ENTRY | |
| Relationship information | Online version: |
| Main entry heading | Karlen, D. L. (Douglas L.) |
| Title | Cellulosic energy cropping systems |
| Place, publisher, and date of publication | Chichester, West Sussex : John Wiley & Sons Ltd, [2014] |
| International Standard Book Number | 9781118676325 |
| Record control number | (DLC) 2013038448 |
| 906 ## - LOCAL DATA ELEMENT F, LDF (RLIN) | |
| a | 7 |
| b | cbc |
| c | orignew |
| d | 1 |
| e | ecip |
| f | 20 |
| g | y-gencatlg |
| 942 ## - ADDED ENTRY ELEMENTS (KOHA) | |
| Source of classification or shelving scheme | |
| Koha item type | Book |
| Withdrawn status | Lost status | Source of classification or shelving scheme | Damaged status | Not for loan | Collection code | Permanent Location | Current Location | Shelving location | Date acquired | Source of acquisition | Cost, normal purchase price | Total Checkouts | Full call number | Barcode | Date last seen | Price effective from | Koha item type |
|---|---|---|---|---|---|---|---|---|---|---|---|---|---|---|---|---|---|
| US-Pakistan Center for Advanced Studies in Energy (USPCAS-E) | US-Pakistan Center for Advanced Studies in Energy (USPCAS-E) | 10/28/2015 | Multiline Books | 10824.00 | 333.95 KAR-C 2014 | CAS-E0000517 | 10/28/2015 | 10/28/2015 | Book |
